LEADER 01457nam a2200289 u 4500 001 000000027939 003 CaOOAMICUS 005 20070226111738.0 008 960307s1963 ne u000 u ger u 035 $a10725360 040 $aIAR$bita 100 1 $aGeier, Fritz.$0(OLS)http://pul/name/22779 245 14$aDie Durchführung der kirchlichen Reformen Josephs II, im vorderösterreichischen Breisgau /$cvon Fritz Geier. 260 $aAmsterdam :$bP. Schippers N.V.,$c1963. 300 $axii, 248 p. ;$c23 cm 490 1 $aKirchenrechtliche Abhandlungen ;$v16-17. 504 $a"Literatur": p. [x]-xi. 600 04$aJoseph$bII,$cimperatore del Sacro romano impero,$d1741-1790.$0(OLS)http://pul/subject/16110 650 4$aChiesa$xStoria$zGermania$zFreiburg im Breisgau$ySec. XVIII.$0(OLS)http://pul/subject/16111 651 4$aFreiburg im Breisgau (arcidiocesi)$xStoria$ySec. XVIII.$0(OLS)http://pul/subject/16112 830 0$aKirchenrechtliche Abhandlungen ;$v16-17.$0(OLS)http://pul/title/4672 850 $aPUL 852 $aPUL$W1$xDP1 Fondo Maccarrone$y58$m1504 D 35$j38853$nBK-PRI$b $qFondi$B38853$CPULBib$Z2$F38853 $H $81 941 1 $a1 961 $aINV: 01264 -- Fondo Mons. M. Maccarrone 996 $6245$aDie Durchführung der kirchlichen Reformen Josephs II, im vorderösterreichischen Breisgau$9(OLS)http://pul/title/38174 996 $6260$aAmsterdam :$bP. Schippers N.V.$9(OLS)http://pul/publisher/59874 LEADER 01338nam a2200289 a 4500 001 000000122785 003 CaOOAMICUS 005 20100827120422.0 008 100827s2010 it 000 u ita r 020 $a978-88-7462-326-6 040 $aPUL$bita$dReb 082 04$a155 245 03$aLe vie della distruzione :$ba partire da Il carattere distruttivo di Walter Benjamin /$ca cura del Seminario di studi benjaminiani. 260 $aMacerata :$bQuodlibet,$c©2010. 300 $a191 p. ;$c22 cm. 490 1 $aQuodlibet Studio$aFilosofia e politica 504 $aBibliografia in nota. 600 14$aBenjamin, Walter,$d1892-1940$xErmeneutica.$0(OLS)http://pul/subject/37161 710 2 $aSeminario di studi benjaminiani.$0(OLS)http://pul/name/77149 830 0$aQuodlibet Studio$pFilosofia e politica.$0(OLS)http://pul/title/154776 850 $aPUL 852 $aPUL$W1$xSL Filosofia 3$y81$m155 BENWA 1$j141025$qDDC 21$B140105$CPULBib$Z2$F140105 $H114178 $82 941 1 $a9 996 $6020$a978-88-7462-326-6$9(OLS)http://pul/number/145209 996 $6082$a155$9(OLS)http://pul/classification/694 996 $6245$aLe vie della distruzione :$ba partire da Il carattere distruttivo di Walter Benjamin$9(OLS)http://pul/title/154775 996 $6260$aMacerata :$bQuodlibet$9(OLS)http://pul/publisher/70121